00421pab a2200133 454500008004000000100002400040245008100064260000900145300001600154650002100170700002000191700002500211773005100236180718b2003 xxu||||| |||| 00| 0 eng d aCarroll, Deborah A. aManaging local intergovernmental revenues: the imperative of diversification c2003 ap.1495-518. aLocal government aMarlowe, Justin aEger, Robert J., III aInternational Journal of Public Administration